Dios en la historia del pensamiento filosófico

Guardat en:
Dades bibliogràfiques
Autor principal: Coreth, Emerich (Autor)
Format: Llibre
Idioma:espanyol
Publicat: Salamanca Sígueme 2006
Col·lecció:Verdad e Imagen ,171
Matèries:
Etiquetes: Afegir etiqueta
Sense etiquetes, Sigues el primer a etiquetar aquest registre!

MARC

LEADER 00000nam a2200000 a 4500
001 UCI9774
003 CL-VaPUC
008 081212e20060000SP |||||||||||||||||spa|d
020 |a 8430116230 
082 0 4 |a 211  |b COR  |2 21 
100 0 |a Coreth, Emerich  |e author  |9 533700 
245 1 0 |a Dios en la historia del pensamiento filosófico 
300 |a 396 p 
942 |c BK 
945 |d 20081212 00:00:00  |a rbrito 
260 |a Salamanca  |b Sígueme  |c 2006 
650 0 |a Dios   |9 266622 
650 0 |a Teología   |9 258766 
650 0 |a Metafísica  |9 265649 
650 0 |a Filosofía cristiana   |9 265980 
650 0 |a Racionalismo  |9 259116 
583 |a last modification  |c 20081212 00:00:00  |k Rodrigo Vera 
490 0 |a Verdad e Imagen ,171 
999 |c 332241  |d 332239 
952 |0 0  |1 2  |4 0  |6 211_000000000000000_COR_2006  |7 0  |8 A  |9 419759  |a BIBTEO  |b BIBTEO  |d 2019-11-22  |i 4503406  |o 211 COR 2006  |p 4503406  |r 2019-11-22  |w 2019-11-22  |y BK  |k ICR